|
|
|
|
| LEADER |
01261nam a2200277 u 4500 |
| 001 |
10057340 |
| 003 |
upatras |
| 005 |
20210428195528.0 |
| 008 |
060529s2005 uk eng |
| 020 |
|
|
|a 0195173821
|
| 040 |
|
|
|a ΠΑΝΕΠΙΣΤΗΜΙΟ ΠΑΤΡΑΣ
|c ΠΑΝΕΠΙΣΤΗΜΙΟ ΠΑΤΡΑΣ
|
| 041 |
0 |
|
|a eng
|
| 082 |
0 |
4 |
|a 306.440941443
|
| 100 |
1 |
|
|a Macaulay, Ronald K. S
|9 44800
|
| 245 |
1 |
0 |
|a Talk that counts
|b Age, gender, and social class differences in discourse
|c Ronald K. S. MacCaulay
|
| 260 |
|
|
|a Oxford
|b Oxford University Press
|c 2005
|
| 300 |
|
|
|a x, 225 p.
|c 24 cm
|
| 504 |
|
|
|a Includes bibliographical references and index
|
| 650 |
|
4 |
|a Discourse analysis
|9 3129
|
| 650 |
|
4 |
|a Sociolinguistics
|9 49992
|
| 650 |
|
4 |
|a Αγγλική γλώσσα
|x Διάλεκτοι
|z Σκωτία
|z Γλασκώβη
|9 49993
|
| 852 |
|
|
|a GR-PaULI
|b ΠΑΤΡΑ
|b ΦΙΛΟΛΟΓΙΑ
|b ΓΛΚ
|k ΔΑΝΕΙΖ-6
|h 306.440941443 MAC
|m 6222
|p 025000143774
|
| 942 |
|
|
|2 ddc
|
| 952 |
|
|
|0 0
|1 0
|2 ddc
|4 0
|6 306_440941443000000_MAC
|7 0
|9 52905
|a LISP
|b LISP
|c BSC
|d 2016-04-24
|i 6222
|l 0
|o 306.440941443 MAC
|p 025000143774
|r 2016-04-24 00:00:00
|w 2016-04-24
|y BK15
|x Μεταφορά Τμήματος Φιλολογίας
|
| 998 |
|
|
|c ΑΝΔΡΙΚΟΠΟΥΛΟΥ
|d 2006-06
|
| 999 |
|
|
|c 33750
|d 33750
|